00356 a2200109 4500001001000000005001700010008004100027245009300068100001800161773005000179999001700229ART_4617420260410162053.0260409a 10aAlgunas precisiones sobre el concepto de población flotante en el ámbito del trabajo1 aPanaia, Marta0 tPampag- Año 6, Nº 6 (nov. 2010)wREV46129 c36027d36027